China wakes : (Запис № 480518)

МАРК-запис
000 -LEADER
fixed length control field 02506cam a2200457 a 4500
001 - CONTROL NUMBER
control field chinawakesstrugg00kris
003 - CONTROL NUMBER IDENTIFIER
control field CaSfIA
005 - DATE AND TIME OF LATEST TRANSACTION
control field 20210117223820.0
007 - PHYSICAL DESCRIPTION FIXED FIELD--GENERAL INFORMATION
fixed length control field cr||||
008 - FIXED-LENGTH DATA ELEMENTS--GENERAL INFORMATION
fixed length control field 950830r19951994nyuab b 001 0 eng c
010 ## - LIBRARY OF CONGRESS CONTROL NUMBER
Canceled/invalid LC control number 94010609
040 ## - CATALOGING SOURCE
Original cataloging agency JRS
Transcribing agency JRS
Modifying agency CGP
-- OCLCQ
-- YBM
-- OCLCQ
-- IQU
-- CaSfIA
020 ## - INTERNATIONAL STANDARD BOOK NUMBER
International Standard Book Number 0679763937 (pbk.)
020 ## - INTERNATIONAL STANDARD BOOK NUMBER
International Standard Book Number 9780679763932 (pbk.)
020 ## - INTERNATIONAL STANDARD BOOK NUMBER
Cancelled/invalid ISBN 0812922522 (alk. paper)
020 ## - INTERNATIONAL STANDARD BOOK NUMBER
Cancelled/invalid ISBN 9780812922523 (alk. paper)
035 ## - SYSTEM CONTROL NUMBER
System control number (OCoLC)33066695
042 ## - AUTHENTICATION CODE
Authentication code pcc
043 ## - GEOGRAPHIC AREA CODE
Geographic area code a-cc---
050 #4 - LIBRARY OF CONGRESS CALL NUMBER
Classification number HC427.92
Item number .K75 1995
082 04 - DEWEY DECIMAL CLASSIFICATION NUMBER
Classification number 306/.0951
Edition number 20
100 1# - MAIN ENTRY--PERSONAL NAME
Personal name Kristof, Nicholas D.,
Dates associated with a name 1959-
245 10 - TITLE STATEMENT
Title China wakes :
Medium [electronic resource]
Remainder of title the struggle for the soul of a rising power /
Statement of responsibility, etc Nicholas D. Kristof and Sheryl WuDunn.
250 ## - EDITION STATEMENT
Edition statement 1st Vintage Books ed.
260 ## - PUBLICATION, DISTRIBUTION, ETC. (IMPRINT)
Place of publication, distribution, etc New York :
Name of publisher, distributor, etc Vintage Books,
Date of publication, distribution, etc 1995.
300 ## - PHYSICAL DESCRIPTION
Extent 507 p. :
Other physical details ill., maps ;
Dimensions 21 cm.
500 ## - GENERAL NOTE
General note "Portions of this work were originally published in different form in Foreign affairs and The New York times magazine"--T.p. verso.
500 ## - GENERAL NOTE
General note Originally published: New York : Times Books, c1994.
504 ## - BIBLIOGRAPHY, ETC. NOTE
Bibliography, etc Includes bibliographical references (p. [467]-490) and index.
505 0# - FORMATTED CONTENTS NOTE
Formatted contents note Flying pigeon -- What kind of Chinese are you, anyway? -- Ghosts -- Red emperors -- The dynastic cycle -- The good earth -- The rotting state -- Where have all the babies gone? -- Castrating the thinkers -- A room of one's own -- Marching toward money -- The God of wealth -- Blood and iron -- Taming the dragon -- The Taiwan option -- The next dynasty.
506 ## - RESTRICTIONS ON ACCESS NOTE
Standardized terminology for access restriction Необхідна авторизація на https://archive.org/ (створення облікового запису безкоштовно)
506 ## - RESTRICTIONS ON ACCESS NOTE
Standardized terminology for access restriction Необхідна авторизація на https://openlibrary.org/ (створення облікового запису безкоштовно)
651 #0 - SUBJECT ADDED ENTRY--GEOGRAPHIC NAME
Geographic name China
General subdivision Economic conditions
Chronological subdivision 1976-2000.
651 #0 - SUBJECT ADDED ENTRY--GEOGRAPHIC NAME
Geographic name China
General subdivision Social conditions
Chronological subdivision 1976-2000.
651 #0 - SUBJECT ADDED ENTRY--GEOGRAPHIC NAME
Geographic name China
General subdivision Politics and government
Chronological subdivision 1976-2002.
700 1# - ADDED ENTRY--PERSONAL NAME
Personal name WuDunn, Sheryl,
Dates associated with a name 1959-
776 08 - ADDITIONAL PHYSICAL FORM ENTRY
Display text Online version:
Main entry heading Kristof, Nicholas D., 1959-
Title China wakes.
Edition 1st Vintage Books ed.
Place, publisher, and date of publication New York : Vintage Books, 1995
Record control number (OCoLC)654295034
856 41 - ELECTRONIC LOCATION AND ACCESS
Uniform Resource Identifier <a href="http://www.archive.org/details/chinawakesstrugg00kris">http://www.archive.org/details/chinawakesstrugg00kris</a>
Public note Free eBook from the Internet Archive
856 42 - ELECTRONIC LOCATION AND ACCESS
Uniform Resource Identifier <a href="http://www.openlibrary.org/books/OL7700791M">http://www.openlibrary.org/books/OL7700791M</a>
Public note Additional information and access via Open Library
942 ## - ADDED ENTRY ELEMENTS (KOHA)
Koha item type ЕКнига

Немає доступних примірників.